000 002270000a22000970004500
100 1 _aWenk, Matthias
245 1 0 _aThe fullness of the spirit
300 _aVol. 21, Núm 2 2003), Páginas 40-44
773 0 _tEvangel
942 _cANA
999 _c54356
_d54356